书目信息 |
| 题名: |
智能车辆场景理解与行为预测技术
|
|
| 作者: | 吕超 , 李子睿 , 龚建伟 , 林云龙 著 | |
| 分册: | ||
| 出版信息: | 北京 北京理工大学出版社 2024.05 |
|
| 页数: | 192页, [23] 页图版 | |
| 开本: | 25cm | |
| 丛书名: | 智能车辆前沿技术丛书 | |
| 单 册: | ||
| 中图分类: | U46 | |
| 科图分类: | ||
| 主题词: | 智能控制--zhi neng kong zhi--汽车 | |
| 电子资源: | ||
| ISBN: | 978-7-5763-4106-5 | |
| 000 | 01716nam 2200337 450 | |
| 001 | 94718 | |
| 005 | 20250820201810.75 | |
| 010 | @a978-7-5763-4106-5@b精装@dCNY76.00 | |
| 100 | @a20250409d2024 em y0chiy50 ea | |
| 101 | 0 | @achi |
| 102 | @aCN@b110000 | |
| 105 | @aaf z 001yy | |
| 106 | @ar | |
| 200 | 1 | @a智能车辆场景理解与行为预测技术@Azhi neng che liang chang jing li jie yu xing wei yu ce ji shu@d= Driving scene understanding and behavior prediction technologies for intelligent vehicles@f吕超 ... [等] 著@zeng |
| 210 | @a北京@c北京理工大学出版社@d2024.05 | |
| 215 | @a192页, [23] 页图版@c图@d25cm | |
| 225 | 2 | @a智能车辆前沿技术丛书@Azhi neng che liang qian yan ji shu cong shu |
| 300 | @a国家出版基金项目 “十四五”时期国家重点出版物出版专项规划项目 | |
| 304 | @a题名页题其余责任者: 李子睿, 龚建伟, 林云龙 | |
| 320 | @a有索引 | |
| 330 | @a本书共6章, 第1章介绍了智能车辆场景理解与行为预测的基础知识以及基本分类 ; 第2章详细描述了智能车辆数据采集系统的搭建、数据处理与静态场景的构建过程 ; 第3至5章从个体交通参与者的角度, 系统介绍了如何基于采集到的数据对车辆、行人、骑行者等多种交通参与者的行为进行分析、识别和预测 ; 第6章则从整个场景的角度出发, 分析了多种交通参与者并存的复杂场景构成, 阐述了动态场景的建模方法, 以及场景风险程度的识别与分类方法。 | |
| 410 | 0 | @12001 @a智能车辆前沿技术丛书 |
| 510 | 1 | @aDriving scene understanding and behavior prediction technologies for intelligent vehicles@zeng |
| 606 | 0 | @a智能控制@Azhi neng kong zhi@x汽车 |
| 690 | @aU46@v5 | |
| 701 | 0 | @a吕超@Alv chao@4著 |
| 701 | 0 | @a李子睿@Ali zi rui@4著 |
| 701 | 0 | @a龚建伟@Agong jian wei@4著 |
| 701 | 0 | @a林云龙@Alin yun long@4著 |
| 801 | 0 | @aCN@c20250909 |
| 905 | @a河南城建学院图书馆@dU46@eL889@f1 | |
| 智能车辆场景理解与行为预测技术= Driving scene understanding and behavior prediction technologies for intelligent vehicles/吕超 ... [等] 著.-北京:北京理工大学出版社,2024.05 |
| 192页, [23] 页图版:图;25cm.-(智能车辆前沿技术丛书) |
| 国家出版基金项目 “十四五”时期国家重点出版物出版专项规划项目 |
| ISBN 978-7-5763-4106-5(精装):CNY76.00 |
| 本书共6章, 第1章介绍了智能车辆场景理解与行为预测的基础知识以及基本分类 ; 第2章详细描述了智能车辆数据采集系统的搭建、数据处理与静态场景的构建过程 ; 第3至5章从个体交通参与者的角度, 系统介绍了如何基于采集到的数据对车辆、行人、骑行者等多种交通参与者的行为进行分析、识别和预测 ; 第6章则从整个场景的角度出发, 分析了多种交通参与者并存的复杂场景构成, 阐述了动态场景的建模方法, 以及场景风险程度的识别与分类方法。 |
| ● |
| 相关链接 |
|
|
|
正题名:智能车辆场景理解与行为预测技术
索取号:U46/L889
 
预约/预借
| 序号 | 登录号 | 条形码 | 馆藏地/架位号 | 状态 | 备注 |
| 1 | 1628928 | 216289282 | 自科库501/501自科库 86排1列4层/ [索取号:U46/L889] | 在馆 |